[Jochen Böhler and Robert Gerwarth (eds): The Waffen-SS: A European History]
| Titel: | [Jochen Böhler and Robert Gerwarth (eds): The Waffen-SS: A European History] / Sigurd Sørlie |
|---|---|
| Verfasser: | |
| In: |
Journal of contemporary history, Band 53, Heft 2 (2018), Seite 446-447 alle Artikel anzeigen |
| Veröffentlicht: | 2018 |
| Format: | Aufsatz |
| Sprache: | Englisch |
X
alg: 50837736
001A $03025:07-06-23
001B $01999:27-06-23 $t08:34:53.000
001D $03025:07-06-23
001U $0utf8
001X $00
002@ $0Oou
002C $aText $btxt $2rdacontent
002D $aComputermedien $bc $2rdamedia
002E $aOnline-Ressource $bcr $2rdacarrier
003@ $0508377366
007A $0508377366 $aHEB
009Q $uhttps://doi.org/10.1177/0022009417749502d $xH
010@ $aeng
010E $erda
011@ $a2018
013D $#Newspapers Sections, columns, etc. Reviews $#Book reviewing $#Journaux Cahiers, chroniques, etc. Comptes rendus $#Livres Recension $#Rezension $#Buchbesprechung $#Buchrezension $#Buchkritik $74049712-4 $8Rezension [Ts1] $9085138568
021A $a[Jochen Böhler and Robert Gerwarth (eds): The Waffen-SS: A European History] $hSigurd Sørlie
028A $BVerfasser $#Sørlie, Sigurd $#Sorlie, Sigurd Christian $4aut $71079934480 $8Sørlie, Sigurd Christian$Z1975- [Tp3] $9367506211
031A $d53 $e2 $h446-447 $j2018
039B $aEnthalten in $8--Obvc--. Journal of contemporary history. - London {[u.a.] : Sage Publ., 1966-. - Online-Ressource. - ISSN 1461-7250 $x201800000530002554 $9083774181
039T $8--Aau--. The @Waffen-SS. - Oxford : Oxford University Press, [2017]. - xviii, 372 Seiten, 8 ungezählte Seiten. - Illustrationen $9386861269
045F $a900.94309044 $eDDC23BSB
045F/01 $a900
045F/03 $f09044
045F/03 $g43
lok: 50837736 78
exp: 50837736 78 1 #EPN
201B/01 $007-06-23 $t13:32:53.000
201C/01 $007-06-23
201U/01 $0utf8
203@/01 $01235240169
208@/01 $a07-06-23 $be
209A/01 $a/ $f000 $x00
209A/01 $ab*p $x01
220C/01 $apgar
244Z/01 $#Ostmitteleuropa $#Ostmitteleuropa $#Mitteleuropa, Ost $#Central Europe Ostmitteleuropa $#Mittelosteuropa $74075753-5 $8--Tg1--Ostmitteleuropa $x05 $9085214485
247C/01 $82080>Marburg/Lahn, Herder-Institut, Forschungsbibliothek, Bibliographieportal $9336309341
| LEADER | 00000caa a2200000 c 4500 | ||
|---|---|---|---|
| 001 | 508377366 | ||
| 003 | DE-603 | ||
| 005 | 20230627083453.0 | ||
| 007 | cr|||||||||||| | ||
| 008 | 230607s2018 xx |||| o| u00||u|eng c | ||
| 035 | |a (DE-599)HEB508377366 | ||
| 040 | |a DE-603 |b ger |c DE-603 |d DE-603 |e rda | ||
| 041 | |a eng | ||
| 082 | 0 | 4 | |8 1\u |a 900.94309044 |q DE-101 |2 23/BSB |
| 085 | |8 1\u |b 900 | ||
| 085 | |8 1\u |z 1 |s 09044 | ||
| 085 | |8 1\u |z 2 |s 43 | ||
| 100 | 1 | |a Sørlie, Sigurd Christian |d 1975- |e Verfasser |4 aut |0 (DE-603)367506211 |0 (DE-588)1079934480 |2 gnd | |
| 245 | 0 | 0 | |a [Jochen Böhler and Robert Gerwarth (eds): The Waffen-SS: A European History] |c Sigurd Sørlie |
| 264 | 0 | |c 2018 | |
| 336 | |a Text |b txt |2 rdacontent | ||
| 337 | |a Computermedien |b c |2 rdamedia | ||
| 338 | |a Online-Ressource |b cr |2 rdacarrier | ||
| 655 | 7 | |a Rezension |2 gnd-content |0 (DE-588)4049712-4 |0 (DE-603)085138568 | |
| 773 | 0 | 8 | |i Enthalten in |t Journal of contemporary history |d London [u.a.] : Sage Publ., 1966- |h Online-Ressource |x 1461-7250 |g Band 53, Heft 2 (2018), Seite 446-447 |w (DE-603)083774181 |w (DE-600)1494064-4 |
| 787 | 0 | 8 | |i Rezension von |t The Waffen-SS |d Oxford : Oxford University Press, [2017] |h xviii, 372 Seiten, 8 ungezählte Seiten, Illustrationen |w (DE-603)386861269 |
| 856 | |u https://doi.org/10.1177/0022009417749502d |x Verlag | ||
| 924 | 1 | |9 2080 |a (DE-603)1235240169 |b DE-2080 |c HES |d d |g / | |


